000 00389nam a2200145Ia 4500
008 230711s9999||||xx |||||||||||||| ||und||
041 _aENG
082 _a621
_bOL-E
100 _aOliver,Bernard M.
245 0 _aElectronic measurement and instruments
250 _a1st Ed.
260 _c1975
_aNew York
_bTata McGraw Hill Education Limited
650 _aElectronics Engineering
942 _cBK
999 _c632
_d632